00382nam a22001457a 450000500170000000800410001702000180005804100080007608200180008410000290010224500330013126000430016430000140020765000150022120210902102718.0160512b xxu||||| |||| 00| 0 eng d a81-8054-110-X aeng b1642a657.046 aGupta, R.L. Radhrwamy M. aAdvanced Accountancy (Vol-I) aNew DelhibSultan Chand & Sons. c1972 aam III 55 aManagement